000 00703nam a2200229 a 4500
999 _c259
_d259
001 259
003 BD-JhCC
005 20171003124437.0
008 171003s2015 b |||| |||| 000 0 ben d
020 _a9789849148654
035 _a(BD-JhCC)259
040 _aBD-JhCC
_dBD-JhCC
041 _aben
082 _223
_a891.4435
_bISL 2015
100 _aইসলাম, সাইদুল
245 _aগোলাপের রঙ /
_cসাইদুল ইসলাম
260 _aঢাকা :
_bপ্রকৃতি,
_c২০১৫
300 _a৭৬ পৃ. :
_c২২ সে. মি.
650 _aShort stories, Bengali
942 _2ddc
_cBK